000 00633nam a2200205Ii 4500
003 JO-AjNU
008 230606s9999||||xx |||||||||||||| ||und||
020 _a978-471-73388-1
040 _aJO-AjNU
_beng
_erda
_cJO-AjNU
041 _aeng
050 1 4 _aQA76.9.A73.M8585.2007
100 3 _aMurdocca,Miles/Heuring,Vincent,
_eauthor
_91131
245 0 0 _aComputer Architecture And Organization :an integrated Approach
264 3 1 _aJohn WILEY:NEW YOK.2007
300 _a524p
336 _atext
_btxt
_2rdacontent
337 _aunmediated
_bn
_2rdamedia
338 _avolume
_bnc
_2rdacarrier
650 4 _a Computer organization. 
_91132
999 _aE592
_c592
_d592